00509nam a2200193 a 4500001001300000003000900013005001700022008004100039020001000080082001500090100002800105245002100133260005400154300000800208500003500216505001100251650002500262700002800287nice12345678IN_TiNIC20260116011743.0050524s0000 hyda grp 000 0 urd  ac10000a297.5bIFT aIftekharuddin, Mohammed aIftekhar-E-Islam aHyderabad bMarkazi Anjuman Taleemus Salat c0000 a92p aincludes index and biblioraphy2 aThesis aIslam-Moral Theology1 aIftekharuddin, Mohammed